| 000 | 00754mam a2200157 a 4500 | ||
|---|---|---|---|
| 020 | _a9054108878 | ||
| 082 |
_a624.1762 _bSEI _cL-40, P-03 |
||
| 245 | 0 | 0 |
_aSeismic behaviour of ground and geotechnical structures : _bproceedings of a discussion special technical session on earthquake geotechnical engineering during fourteenth International Conference on Soil Mechanics and Foundation Engineering, Hamburg, Germany, 6-12 September 1997 / _cedited by Pedro S. SĂȘco e Pinto. |
| 260 |
_aRotterdam ; _aBrookfield, Vt. : _bA.A. Balkema, _c1997. |
||
| 300 |
_axi, 401 p. : _bill. ; _c26 cm. |
||
| 526 |
_a0 _b0 _c0 _d624_176200000000000_SEI |
||
| 650 | 0 | _aEarthquake engineering | |
| 650 | 0 |
_aMCE _9379 |
|
| 700 | 1 |
_aPinto, Pedro SĂȘco e. _942953 |
|
| 942 |
_2ddc _cBK |
||
| 999 |
_c546759 _d546759 |
||